Hugo Dictionnaire de Poche, Francais-Anglais et Anglais-Francais = Hugo´s Pocket Dictionary French-English and English-French (Record no. 5735)
[ view plain ]
| 000 -CABECERA | |
|---|---|
| campo de control de longitud fija | 01132nam a2200253 a 4500 |
| 001 - NÚMERO DE CONTROL | |
| campo de control | BRCA_6048 |
| 005 - FECHA Y HORA DE LA ÚLTIMA TRANSACCIÓN | |
| campo de control | 20190320205319.0 |
| 008 - DATOS DE LONGITUD FIJA--INFORMACIÓN GENERAL | |
| campo de control de longitud fija | 180511s1929----u--######d---#000-0#eng-# |
| 041 ## - CÓDIGO DE LENGUA | |
| Código de lengua del texto/banda sonora o título independiente | eng |
| 044 ## - CÓDIGO DEL PAÍS DE LA ENTIDAD EDITORA/PRODUCTORA | |
| Código MARC del país | u |
| 050 #4 - SIGNATURA TOPOGRÁFICA DE LA BIBLIOTECA DEL CONGRESO | |
| Número de clasificación | PC2640 |
| Número de documento/Ítem | .H84 1929 |
| 100 1# - ENTRADA PRINCIPAL--NOMBRE DE PERSONA | |
| Nombre de persona | Hugo, Charles |
| 9 (RLIN) | 15258 |
| 245 10 - MENCIÓN DE TÍTULO | |
| Título | Hugo Dictionnaire de Poche, Francais-Anglais et Anglais-Francais = Hugo´s Pocket Dictionary French-English and English-French |
| Resto del título | Prononciation figurée de chaque mot; tables comparatives de mesures, poids et monnaies; listes de noms géographiques, etc. = Imitated Pronunciation of every word; Comparative Tables of Measures, Weights, and Currencies; Lists of Geographical Names, etc. |
| Mención de responsabilidad, etc. | Charles Hugo. |
| 260 ## - PUBLICACIÓN, DISTRIBUCIÓN, ETC. | |
| Lugar de publicación, distribución, etc. | Filadelfia |
| Nombre del editor, distribuidor, etc. | David McKay Co. |
| Fecha de publicación, distribución, etc. | 1929 |
| 300 ## - DESCRIPCIÓN FÍSICA | |
| Extensión | 624 p. |
| Dimensiones | 12 cm. |
| 500 ## - NOTA GENERAL | |
| Nota general | Diccionario inventariado por Banco de México como libro. |
| 500 ## - NOTA GENERAL | |
| Nota general | L172C |
| 546 ## - NOTA DE LENGUA/LENGUAJE | |
| Nota de lengua/lenguaje | Texto en: francés e inglés |
| 650 14 - PUNTO DE ACCESO ADICIONAL DE MATERIA--TÉRMINO DE MATERIA | |
| Término de materia o nombre geográfico como elemento de entrada | Francés |
| Subdivisión de forma | Diccionarios |
| Subdivisión general | Inglés |
| 9 (RLIN) | 15259 |
| 650 14 - PUNTO DE ACCESO ADICIONAL DE MATERIA--TÉRMINO DE MATERIA | |
| Término de materia o nombre geográfico como elemento de entrada | Inglés |
| Subdivisión de forma | Diccionarios |
| Subdivisión general | Francés |
| 9 (RLIN) | 15260 |
| 740 0# - PUNTO DE ACCESO ADICIONAL--TÍTULO RELACIONADO O ANALÍTICO NO CONTROLADO | |
| Título relacionado o analítico no controlado | Hugo´s Pocket Dictionary French-English and English-French |
| 902 ## - CATALOGADOR | |
| Iniciales | GFM |
| 942 ## - ELEMENTOS DE PUNTO DE ACCESO ADICIONAL (KOHA) | |
| Fuente del sistema de clasificación o colocación | Library of Congress Classification |
| Tipo de ítem Koha | Libros |
| Estado de retiro | Estado de pérdida | Estado dañado | No para préstamo | Localización permanente | Ubicación/localización actual | Fecha de adquisición | Número de inventario | Total de préstamos | Signatura topográfica completa | Código de barras | Fecha visto por última vez | Precio válido a partir de | Tipo de ítem Koha |
|---|---|---|---|---|---|---|---|---|---|---|---|---|---|
| El ejemplar forma parte de la colección y puede ser consultado según las políticas vigentes. | Biblioteca del Museo Franz Mayer (Rogerio Casas-Alatriste) | Biblioteca del Museo Franz Mayer (Rogerio Casas-Alatriste) | 18/05/2011 | L172C | PC2640 .H84 1929 (L172C) | 6487 | 22/03/2019 | 22/03/2019 | Libros |